| 000 | 00528nam a2200169Ia 4500 | ||
|---|---|---|---|
| 008 | 230718s9999 xx 000 0 und d | ||
| 020 | _a9780062312716 | ||
| 041 | _aeng | ||
| 082 |
_a306.7 _bHAR |
||
| 100 |
_aHarvey S. _9200045 |
||
| 245 |
_aAct Like A Lady, Think Like A Man _bWhat Men Really Think About Love, Relationships, Intimacy, And Commitment |
||
| 260 |
_c2011 _bHarper Collins |
||
| 300 | _a232 | ||
| 365 |
_cRs. _b350.00 |
||
| 700 |
_aHarvey S. _9200045 |
||
| 906 |
_dO:0553218-May-2017B:314113-Apr-2017 _cGENRL _b77 |
||
| 999 |
_c344677 _d344677 |
||